000 02795cad a22003135a 4500
001 L158489
008 120330s2011 xxk f 100 0 eng d
035 _a(Sirsi) u158489
041 0 _aeng
100 1 _aKotter, Theo
111 2 _aProperty Transaction in the Digital Age
_cInstitute of Geodesy and Geoinformation Rheinische Friedrich-Wilhelms-University Bonn
_d09 September 2010
245 0 4 _aProperty Transaction in the Digital Age
_h[electronic resource]
260 _aBonn
_bRheinische Friedrich-Wilhelms-University
_c2011
505 2 _aIntroduction -- The Digital Transaction: A Core Procedure of the Economy -- Service Innovation: Strong Impact on the Economy and Society -- German situation: an inspiring example -- The Property Cadastre in the Context of Spatial Data Infrastructure (SDI) -- Land Register -- A View on German Property Market Transparency -- International situation: a look beyond the German border -- Cadastre and Land Registration in Europe -- International Situation: A political Need Worldwide -- Geo-Information in the Kingdom of Saudi Arabia -- Mortgaging: an important link to the economy Public Disclosure Requirements of Trust with Security Rights over Real Property in an European Comparison -- Property Finance Based on Covered Bonds and Sukuk: Requirements in Respect of Legal Certainty of Property Rights -- Workshop 1: Security and Efficiency -- Workshop 2: Replication Strategies -- Final remark.
520 _aResearch points out the key principles and best practices that are necessary for installing a functional and effective real estate transaction system. Especially for societies who are just about to build up a real estate market information system in their own country this is very interesting. They can learn from Germany's experience. As experiences in countries like Germany show transactions can be accelerated through digital services and thus be made more cost-efficient. They are creating financial resources and leading to progressive process innovations. Demand for information for security rights over real estate is increasing. The legally secured documentation of real estate is essential for a successful operation of property transaction.
521 2 _aAdvanced
590 _aKA
650 2 4 _aPROPERTY TRANSACTIONS
650 2 4 _aSPATIAL DATA
650 2 4 _aPROPERTY MARKETS
651 4 _aGermany
690 _aCommercial property
_96227
690 _aResidential property
_96266
700 1 _aKropp, Sebastian
700 1 _aRox, Thomas
710 1 _aCentre for Innovation and Technology in North-Rhine Westphalia, ZENITH GmbH
856 4 0 _uhttps://www.igg.uni-bonn.de/psb/uploads/media/Conference_Volume_Property_Transaction.pdf
_zView the item free of charge at the www.igg.uni-bonn.de website.
942 _n0
999 _c115341
_d115341